[Event "CAN-ch"]
[Site "Kitchener CAN"]
[Date "2007.08.03"]
[Round "6"]
[White "Barron, Michael"]
[Black "Bailey, Doug"]
[Result "1-0"]
[WhiteElo "2228"]
[BlackElo "2274"]
[PlyCount "139"]
[GameId "2160767910580059"]
[EventDate "2007.08.01"]
[EventType "swiss"]
[EventRounds "9"]
[EventCountry "CAN"]
[SourceTitle "EXT 2022"]
[Source "ChessBase"]
[SourceDate "2021.10.06"]
[SourceVersion "1"]
[SourceVersionDate "2021.10.06"]
[SourceQuality "1"]

1. e4 c5 2. Nf3 d6 3. d4 cxd4 4. Nxd4 Nf6 5. Nc3 g6 6. Be2 Bg7 7. O-O O-O 8. Bg5 Nc6 9. Nb3 Be6 10. Kh1 a6 11. f4 Rc8 12. Bf3 Re8 13. Rf2 Qc7 14. Nd5 Bxd5 15. exd5 Na5 16. c3 Nc4 17. Re2 Nd7 18. Qe1 Bf6 19. Bxf6 Nxf6 20. Rd1 Qd7 21. Nd4 Nb6 22. Nc2 Qf5 23. Qg1 Nbxd5 24. g4 Qxf4 25. Bxd5 Nxd5 26. Rxd5 Qc4 27. Rdd2 Qxa2 28. Nb4 Qc4 29. Nd5 Qc6 30. Qg2 Kf8 31. g5 Qa4 32. Re1 Rc5 33. Rd4 Qc6 34. b4 Rc4 35. Qe4 Rxc3 36. Nxc3 Qxc3 37. Rxd6 Qxe1+ 38. Qxe1 exd6 39. Qh4 Re5 40. Qxh7 Ke7 41. h4 Re4 42. Kg2 Rxb4 43. Kf3 Rb3+ 44. Ke4 Rh3 45. Qh8 a5 46. Kd5 Rd3+ 47. Kc4 Rf3 48. Kb5 Rf5+ 49. Kb6 Ke6 50. Qe8+ Kd5 51. Kxb7 Kd4 52. Qa4+ Ke3 53. Kc6 d5 54. Qg4 Re5 55. Kc5 d4+ 56. Kc4 Rf5 57. h5 d3 58. Qd4+ Kf3 59. Qxd3+ Kg4 60. Qxf5+ Kxf5 61. h6 Kxg5 62. h7 f5 63. h8=Q f4 64. Kd3 Kg4 65. Ke2 g5 66. Kf2 a4 67. Qc3 Kh4 68. Kf3 Kh5 69. Qh8+ Kg6 70. Kg4 1-0

[Event "CAN-ch"]
[Site "Kitchener CAN"]
[Date "2007.08.03"]
[Round "6"]
[White "Chung, Kevin"]
[Black "Ochkoos, Jura"]
[Result "1/2-1/2"]
[WhiteElo "2217"]
[BlackElo "2319"]
[PlyCount "55"]
[GameId "2160767910580060"]
[EventDate "2007.08.01"]
[EventType "swiss"]
[EventRounds "9"]
[EventCountry "CAN"]
[SourceTitle "EXT 2022"]
[Source "ChessBase"]
[SourceDate "2021.10.06"]
[SourceVersion "1"]
[SourceVersionDate "2021.10.06"]
[SourceQuality "1"]

1. e4 Nf6 2. e5 Nd5 3. d4 d6 4. exd6 exd6 5. Nf3 Be7 6. Be2 Nc6 7. O-O O-O 8. b3 Bf5 9. a3 Bf6 10. c4 Nb6 11. Nc3 a5 12. Be3 d5 13. c5 Nc8 14. Qd2 h6 15. Nb5 N8e7 16. Bf4 Rc8 17. Bd3 Be4 18. Bc2 Nf5 19. Rad1 g5 20. Bg3 Nxg3 21. fxg3 Bg7 22. Bxe4 dxe4 23. d5 exf3 24. dxc6 bxc6 25. Na7 Qxd2 26. Rxd2 fxg2 27. Kxg2 Rcd8 28. Rxd8 1/2-1/2

[Event "CAN-ch"]
[Site "Kitchener CAN"]
[Date "2007.08.03"]
[Round "6"]
[White "Gentes, Kevin"]
[Black "Guo, Joshua"]
[Result "1/2-1/2"]
[WhiteElo "2307"]
[BlackElo "2214"]
[PlyCount "39"]
[GameId "2160767910580061"]
[EventDate "2007.08.01"]
[EventType "swiss"]
[EventRounds "9"]
[EventCountry "CAN"]

1. c4 c5 2. g3 Nc6 3. Bg2 g6 4. e3 Bg7 5. Ne2 e5 6. b3 Nge7 7. Bb2 O-O 8. O-O d6 9. a3 Bg4 10. h3 Be6 11. Nbc3 Qd7 12. Kh2 f5 13. f4 Rad8 14. Qc2 d5 15. cxd5 Nxd5 16. Rfd1 exf4 17. gxf4 b6 18. Rab1 Na5 19. Ba1 Nxc3 20. dxc3 1/2-1/2

[Event "CAN-ch"]
[Site "Kitchener CAN"]
[Date "2007.08.03"]
[Round "6"]
[White "Hamilton, Robert"]
[Black "Urquhart, Eddie"]
[Result "1-0"]
[WhiteElo "2287"]
[BlackElo "2195"]
[PlyCount "161"]
[GameId "2160767910580062"]
[EventDate "2007.08.01"]
[EventType "swiss"]
[EventRounds "9"]
[EventCountry "CAN"]
[SourceTitle "EXT 2022"]
[Source "ChessBase"]
[SourceDate "2021.10.06"]
[SourceVersion "1"]
[SourceVersionDate "2021.10.06"]
[SourceQuality "1"]

1. e4 c5 2. Nf3 e6 3. d4 cxd4 4. Nxd4 Nc6 5. Be3 Nf6 6. Nd2 Qc7 7. c3 d5 8. Bd3 a6 9. O-O Ne5 10. Bf4 Bd6 11. Bb5+ axb5 12. Nxb5 Qb8 13. Nxd6+ Qxd6 14. Nc4 Qe7 15. Nb6 Ra6 16. Nxc8 Qc7 17. exd5 Nfd7 18. Re1 f6 19. dxe6 Nf8 20. Qd4 Qxc8 21. Bxe5 fxe5 22. Qxe5 Rg8 23. e7 Ne6 24. Rad1 Kxe7 25. Qg5+ Kf7 26. Qf5+ Ke7 27. Qxh7 Rd6 28. Qh4+ Kd7 29. Qe4 Re8 30. Rxd6+ Kxd6 31. Qe5+ Kd7 32. Rd1+ Ke7 33. h4 Qc5 34. Qe4 Qc6 35. Qg6 Kf8 36. Rd3 Re7 37. h5 Rf7 38. h6 gxh6 39. Qxh6+ Ke7 40. Qh4+ Kf8 41. Re3 Qd5 42. c4 Qf5 43. Re1 Rg7 44. Qh8+ Kf7 45. Qb8 Kf6 46. g3 Qc5 47. b3 Qc7 48. Qh8 Qf7 49. Qh4+ Kg6 50. Re5 Qd7 51. Rd5 Qc6 52. Qh5+ Kf6 53. Qh6+ Rg6 54. Qh4+ Kg7 55. Rh5 Nf8 56. Qd4+ Qf6 57. Qe4 Qf7 58. Rf5 Rf6 59. Qg4+ Ng6 60. Qd4 Qe7 61. Rf3 Qe1+ 62. Kg2 Qe5 63. Qd7+ Qe7 64. Qxe7+ Nxe7 65. Rxf6 Kxf6 66. Kf3 Ke5 67. Ke3 Nc6 68. g4 Nb4 69. f4+ Ke6 70. a4 Nc6 71. Kd3 Kd6 72. Kc3 Nd8 73. b4 Ne6 74. f5 Ng5 75. a5 Nf7 76. b5 Kc5 77. f6 Ng5 78. Kd3 Nf7 79. Ke3 Ne5 80. Kf4 Nf7 81. g5 1-0

[Event "CAN-ch"]
[Site "Kitchener CAN"]
[Date "2007.08.03"]
[Round "6"]
[White "Hua, Lefong"]
[Black "Mikanovic, Goran"]
[Result "1/2-1/2"]
[WhiteElo "2323"]
[BlackElo "2303"]
[PlyCount "67"]
[GameId "2160767910580064"]
[EventDate "2007.08.01"]
[EventType "swiss"]
[EventRounds "9"]
[EventCountry "CAN"]
[SourceTitle "EXT 2022"]
[Source "ChessBase"]
[SourceDate "2021.10.06"]
[SourceVersion "1"]
[SourceVersionDate "2021.10.06"]
[SourceQuality "1"]

1. d4 Nf6 2. c4 e6 3. Nc3 Bb4 4. e3 O-O 5. Nge2 d5 6. a3 Be7 7. cxd5 exd5 8. g3 a5 9. Bg2 c6 10. O-O Re8 11. Kh1 Nbd7 12. f3 c5 13. dxc5 Nxc5 14. Nf4 Be6 15. Nxe6 fxe6 16. e4 dxe4 17. Qxd8 Raxd8 18. Nxe4 Nfxe4 19. fxe4 Bf6 20. Be3 Bd4 21. Bxd4 Rxd4 22. Rac1 b6 23. Kg1 a4 24. Rc2 Red8 25. Re2 Rd2 26. Rff2 Rxe2 27. Rxe2 Kf7 28. Kf2 Kf6 29. e5+ Ke7 30. Bc6 Rd1 31. Rc2 Rd4 32. Ke3 Rd3+ 33. Ke2 Rd4 34. Ke3 1/2-1/2

[Event "CAN-ch"]
[Site "Kitchener CAN"]
[Date "2007.08.03"]
[Round "6"]
[White "Livshits, Ron"]
[Black "Stevens, Christian"]
[Result "1/2-1/2"]
[WhiteElo "2316"]
[BlackElo "2288"]
[PlyCount "27"]
[GameId "2160767910580065"]
[EventDate "2007.08.01"]
[EventType "swiss"]
[EventRounds "9"]
[EventCountry "CAN"]
[SourceTitle "EXT 2022"]
[Source "ChessBase"]
[SourceDate "2021.10.06"]
[SourceVersion "1"]
[SourceVersionDate "2021.10.06"]
[SourceQuality "1"]

1. d4 Nf6 2. c4 e6 3. Nf3 d5 4. Nc3 dxc4 5. e3 c5 6. Bxc4 a6 7. a4 Nc6 8. O-O Be7 9. Qe2 cxd4 10. Rd1 e5 11. exd4 exd4 12. Nxd4 Nxd4 13. Qe5 Qd6 14. Qxd6 1/2-1/2

[Event "CAN-ch"]
[Site "Kitchener CAN"]
[Date "2007.08.03"]
[Round "6"]
[White "Mayo, Alvah"]
[Black "Henry, Liam"]
[Result "0-1"]
[WhiteElo "2110"]
[BlackElo "2118"]
[PlyCount "92"]
[GameId "2160767910580067"]
[EventDate "2007.08.01"]
[EventType "swiss"]
[EventRounds "9"]
[EventCountry "CAN"]
[SourceTitle "EXT 2022"]
[Source "ChessBase"]
[SourceDate "2021.10.06"]
[SourceVersion "1"]
[SourceVersionDate "2021.10.06"]
[SourceQuality "1"]

1. e4 c5 2. Nc3 d6 3. f4 g6 4. Nf3 Bg7 5. Bc4 Nc6 6. O-O e6 7. d3 Nge7 8. Qe1 O-O 9. f5 gxf5 10. Qh4 fxe4 11. dxe4 Ng6 12. Qh5 Nce5 13. Bh6 Nxf3+ 14. Rxf3 Qh4 15. Qxh4 Nxh4 16. Rg3 Ng6 17. Bxg7 Kxg7 18. Rd1 Bd7 19. Rxd6 Bc6 20. Rg5 Rad8 21. Rxd8 Rxd8 22. Rxc5 Rd2 23. Bb5 Rxc2 24. Bxc6 bxc6 25. Na4 Re2 26. Rxc6 Nh4 27. Ra6 Rxg2+ 28. Kf1 Rxh2 29. Rxa7 Nf3 30. Rb7 h5 31. Nc5 Kf6 32. Nd7+ Kg5 33. Nc5 Kf4 34. Rxf7+ Ke3 35. Nd3 Rh1+ 36. Kg2 Rg1+ 37. Kh3 Ng5+ 38. Kh2 Nxf7 39. Kxg1 Kxd3 40. a4 Kxe4 41. Kh2 Kd4 42. b4 Kc4 43. b5 Kb4 44. Kh3 Kxa4 45. b6 Nd6 46. Kh4 Kb5 0-1

[Event "CAN-ch"]
[Site "Kitchener CAN"]
[Date "2007.08.03"]
[Round "6"]
[White "Sundar, Avinaash"]
[Black "Kazmaier, Daniel"]
[Result "1-0"]
[WhiteElo "2086"]
[BlackElo "2174"]
[PlyCount "65"]
[GameId "2160767910580069"]
[EventDate "2007.08.01"]
[EventType "swiss"]
[EventRounds "9"]
[EventCountry "CAN"]

1. c4 f5 2. Nc3 Nf6 3. d3 e5 4. g3 c6 5. Bg2 Be7 6. Nf3 d6 7. O-O O-O 8. Rb1 a5 9. a3 Na6 10. b4 axb4 11. axb4 e4 12. dxe4 fxe4 13. Nd4 d5 14. b5 Nb4 15. bxc6 bxc6 16. cxd5 cxd5 17. Qb3 Kh8 18. Ba3 Rxa3 19. Qxa3 Nd3 20. Qa8 Ne5 21. Rb8 Bd6 22. Ne6 Qe8 23. Nxf8 Bxb8 24. Qxb8 Kg8 25. Ra1 e3 26. f4 Nc6 27. Qd6 Ne7 28. Ra7 Kxf8 29. Nxd5 Nfg8 30. Nxe7 Nxe7 31. Bd5 Bh3 32. Ra8 Bc8 33. Be6 1-0

[Event "CAN-ch"]
[Site "Kitchener CAN"]
[Date "2007.08.03"]
[Round "6"]
[White "Zubac, Marius"]
[Black "Inigo, Aquino"]
[Result "1-0"]
[WhiteElo "2194"]
[BlackElo "1852"]
[PlyCount "55"]
[GameId "2160767910580071"]
[EventDate "2007.08.01"]
[EventType "swiss"]
[EventRounds "9"]
[EventCountry "CAN"]
[SourceTitle "EXT 2022"]
[Source "ChessBase"]
[SourceDate "2021.10.06"]
[SourceVersion "1"]
[SourceVersionDate "2021.10.06"]
[SourceQuality "1"]

1. d4 d5 2. c4 e6 3. Nc3 Nf6 4. Nf3 Be7 5. Bg5 O-O 6. e3 h6 7. Bxf6 Bxf6 8. Qd2 b6 9. O-O-O a5 10. h4 dxc4 11. Bxc4 Bb7 12. e4 h5 13. Qf4 g6 14. g4 Bg7 15. gxh5 Qf6 16. Qxf6 Bxf6 17. hxg6 fxg6 18. Bxe6+ Kh7 19. h5 g5 20. Bf5+ Kh8 21. Rhg1 Rg8 22. Bg6 Nc6 23. e5 Be7 24. Nxg5 Bxg5+ 25. Rxg5 Rad8 26. d5 Ne7 27. d6 cxd6 28. Rxd6 1-0

[Event "CAN-ch"]
[Site "Kitchener CAN"]
[Date "2007.08.03"]
[Round "7"]
[White "Bailey, Doug"]
[Black "Hua, Lefong"]
[Result "1-0"]
[WhiteElo "2274"]
[BlackElo "2323"]
[PlyCount "69"]
[GameId "2160767910580073"]
[EventDate "2007.08.01"]
[EventType "swiss"]
[EventRounds "9"]
[EventCountry "CAN"]
[SourceTitle "EXT 2022"]
[Source "ChessBase"]
[SourceDate "2021.10.06"]
[SourceVersion "1"]
[SourceVersionDate "2021.10.06"]
[SourceQuality "1"]

1. e4 c5 2. Nf3 e6 3. d4 cxd4 4. Nxd4 a6 5. Be3 Nf6 6. Bd3 Qc7 7. Nd2 d6 8. h3 Be7 9. Qe2 Nbd7 10. O-O O-O 11. a4 b6 12. Rfc1 Bb7 13. a5 b5 14. c4 bxc4 15. Nxc4 Qb8 16. Bf4 Nc5 17. e5 Nxd3 18. Qxd3 Be4 19. Qe2 dxe5 20. Bxe5 Qb7 21. f3 Bc5 22. fxe4 Rad8 23. Rd1 Qa7 24. Nb6 Nd7 25. Rac1 f6 26. Kh1 Nxb6 27. Nxe6 Rxd1+ 28. Rxd1 Nd7 29. Nxf8 Nxe5 30. Ne6 Bb4 31. Nd4 Bxa5 32. Nc6 Qc5 33. Nxe5 Qxe5 34. Qc4+ Kf8 35. Rd5 1-0

[Event "CAN-ch"]
[Site "Kitchener CAN"]
[Date "2007.08.03"]
[Round "7"]
[White "Guo, Joshua"]
[Black "Sundar, Avinaash"]
[Result "1-0"]
[WhiteElo "2214"]
[BlackElo "2086"]
[PlyCount "47"]
[GameId "2160767910580074"]
[EventDate "2007.08.01"]
[EventType "swiss"]
[EventRounds "9"]
[EventCountry "CAN"]

1. e4 c5 2. Nf3 d6 3. d4 cxd4 4. Nxd4 Nf6 5. Nc3 g6 6. Be3 Bg7 7. f3 O-O 8. Qd2 Nc6 9. Bc4 Bd7 10. h4 h5 11. O-O-O Qb8 12. g4 Rc8 13. Bb3 a5 14. a4 Nxd4 15. Bxd4 b5 16. gxh5 bxa4 17. Bxf7+ Kxf7 18. hxg6+ Kxg6 19. Rhg1+ Kh7 20. Rxg7+ Kxg7 21. Qg5+ Kf7 22. Bxf6 exf6 23. Qh5+ Ke6 24. Qf5+ 1-0

[Event "CAN-ch"]
[Site "Kitchener CAN"]
[Date "2007.08.03"]
[Round "7"]
[White "Henry, Liam"]
[Black "Zubac, Marius"]
[Result "1-0"]
[WhiteElo "2118"]
[BlackElo "2194"]
[PlyCount "119"]
[GameId "2160767910580075"]
[EventDate "2007.08.01"]
[EventType "swiss"]
[EventRounds "9"]
[EventCountry "CAN"]
[SourceTitle "EXT 2022"]
[Source "ChessBase"]
[SourceDate "2021.10.06"]
[SourceVersion "1"]
[SourceVersionDate "2021.10.06"]
[SourceQuality "1"]

1. e4 g6 2. d4 Bg7 3. Nc3 d6 4. f4 a6 5. Nf3 b5 6. Bd3 Nd7 7. e5 Bb7 8. Be4 c6 9. Ng5 Nf8 10. Qf3 d5 11. Bd3 h6 12. Nxf7 Kxf7 13. f5 Nf6 14. fxg6+ Kg8 15. exf6 Bxf6 16. g7 Bxg7 17. Rf1 Qe8 18. Be3 Ne6 19. Qg4 Bc8 20. Bg6 Nf8 21. Bxe8 Bxg4 22. Bxc6 Rd8 23. Nxd5 Ng6 24. Nf4 Rd6 25. Nxg6 Rxg6 26. Bd5+ Be6 27. Bxe6+ Rxe6 28. Kd2 Kh7 29. c3 Rd8 30. Rae1 Rg6 31. g3 e5 32. Kd3 Rgd6 33. d5 Rxd5+ 34. Ke2 Kg6 35. Rd1 Rxd1 36. Rxd1 Rxd1 37. Kxd1 Kf5 38. Ke2 Kg4 39. b3 Kh3 40. Kf3 Kxh2 41. c4 bxc4 42. bxc4 h5 43. c5 Bf6 44. c6 Bd8 45. Bg5 Bc7 46. Bh4 Kh3 47. Ke4 Kg4 48. Bf6 Bb6 49. Bxe5 h4 50. gxh4 Kxh4 51. c7 Bxc7 52. Bxc7 Kg5 53. Ke5 Kg6 54. Ke6 Kg7 55. a4 Kf8 56. a5 Ke8 57. Kd6 Kf7 58. Kc6 Ke7 59. Kb7 Kd7 60. Bb6 1-0

[Event "CAN-ch"]
[Site "Kitchener CAN"]
[Date "2007.08.03"]
[Round "7"]
[White "Jung, Hans"]
[Black "Mayo, Alvah"]
[Result "1-0"]
[WhiteElo "2185"]
[BlackElo "2110"]
[PlyCount "61"]
[GameId "2160767910580077"]
[EventDate "2007.08.01"]
[EventType "swiss"]
[EventRounds "9"]
[EventCountry "CAN"]
[SourceTitle "EXT 2022"]
[Source "ChessBase"]
[SourceDate "2021.10.06"]
[SourceVersion "1"]
[SourceVersionDate "2021.10.06"]
[SourceQuality "1"]

1. e4 g6 2. d4 Bg7 3. Bc4 c5 4. Qf3 e6 5. d5 Qb6 6. c3 e5 7. a4 d6 8. Na3 a6 9. Bd3 Qc7 10. Nc4 b6 11. g4 Nf6 12. Bh6 Bxg4 13. Bxg7 Bxf3 14. Nxf3 Nh5 15. Bxh8 f6 16. Be2 Kf7 17. Nh4 Nf4 18. Bg4 Nd7 19. Be6+ Nxe6 20. dxe6+ Kxe6 21. Bg7 Qc6 22. f3 b5 23. Ne3 c4 24. O-O Qb6 25. Bh6 bxa4 26. Kh1 Qxb2 27. Nd5 Rc8 28. Rab1 Qe2 29. Be3 f5 30. Ng2 fxe4 31. Ndf4+ 1-0

[Event "CAN-ch"]
[Site "Kitchener CAN"]
[Date "2007.08.03"]
[Round "7"]
[White "Mikanovic, Goran"]
[Black "Chung, Kevin"]
[Result "1/2-1/2"]
[WhiteElo "2303"]
[BlackElo "2217"]
[PlyCount "86"]
[GameId "2160767910580078"]
[EventDate "2007.08.01"]
[EventType "swiss"]
[EventRounds "9"]
[EventCountry "CAN"]
[SourceTitle "EXT 2022"]
[Source "ChessBase"]
[SourceDate "2021.10.06"]
[SourceVersion "1"]
[SourceVersionDate "2021.10.06"]
[SourceQuality "1"]

1. d4 e6 2. c4 Nf6 3. Nc3 d5 4. Bg5 Be7 5. e3 h6 6. Bh4 O-O 7. Nf3 b6 8. Be2 Bb7 9. Bxf6 Bxf6 10. cxd5 exd5 11. O-O Nd7 12. b4 c5 13. bxc5 bxc5 14. Rb1 cxd4 15. exd4 Nb6 16. Re1 Re8 17. Qd2 Bc6 18. Bb5 Bxb5 19. Rxb5 Rxe1+ 20. Qxe1 Qd7 21. Rb3 Re8 22. Qd1 Qe6 23. h3 Rc8 24. Qd3 Rc4 25. Rb1 Qc6 26. Rb3 Qe6 27. Kh2 Bxd4 28. Nxd4 Qe5+ 29. Qg3 Qxg3+ 30. Kxg3 Rxd4 31. Nb5 Ra4 32. Nxa7 Rxa7 33. Rxb6 Rxa2 34. Rb8+ Kh7 35. Rd8 Rd2 36. Kf3 Kg6 37. Ke3 Rd1 38. Ke2 Rd4 39. f3 Kf6 40. Ke3 Rd1 41. Ke2 Rg1 42. Kf2 Rd1 43. Ke2 Rg1 1/2-1/2

[Event "CAN-ch"]
[Site "Kitchener CAN"]
[Date "2007.08.03"]
[Round "7"]
[White "Ochkoos, Jura"]
[Black "Barron, Michael"]
[Result "0-1"]
[WhiteElo "2319"]
[BlackElo "2228"]
[PlyCount "124"]
[GameId "2160767910580080"]
[EventDate "2007.08.01"]
[EventType "swiss"]
[EventRounds "9"]
[EventCountry "CAN"]
[SourceTitle "EXT 2022"]
[Source "ChessBase"]
[SourceDate "2021.10.06"]
[SourceVersion "1"]
[SourceVersionDate "2021.10.06"]
[SourceQuality "1"]

1. d4 f5 2. g4 fxg4 3. e4 d6 4. h3 Nf6 5. Nc3 e5 6. d5 Be7 7. Be3 O-O 8. Qe2 Qe8 9. O-O-O Qg6 10. Qc4 Na6 11. Nge2 gxh3 12. Bxh3 Bxh3 13. Rxh3 Ng4 14. Rdh1 Nxf2 15. Rg3 Ng4 16. Kb1 Nxe3 17. Rxe3 Qg2 18. Rd1 Bh4 19. b4 Bf2 20. Red3 h5 21. a3 h4 22. Qb5 h3 23. Qd7 Rf3 24. Rxf3 Qxf3 25. Rd3 h2 26. Qe6+ Qf7 27. Qh3 Bg1 28. Rf3 Qg6 29. Ng3 Qh6 30. Qf5 Qf6 31. Qg4 Qh6 32. Nce2 Rf8 33. Rxf8+ Kxf8 34. Qc8+ Kf7 35. Qd7+ Kg8 36. Qc8+ Kh7 37. Qf5+ g6 38. Qd7+ Qg7 39. Qh3+ Kg8 40. Qc8+ Qf8 41. Qxb7 h1=Q 42. Nxh1 Qf1+ 43. Kb2 Qxe2 44. Qc8+ Kg7 45. Qd7+ Kh6 46. Qh3+ Qh5 47. Qc8 Bd4+ 48. Kb3 Qf3+ 49. Ka4 Qc3 50. Qh8+ Kg5 51. Qd8+ Kh5 52. Qh8+ Kg4 53. Qc8+ Kf4 54. Qf8+ Kxe4 55. Nf2+ Bxf2 56. Qxf2 Kxd5 57. Qg2+ e4 58. Qg5+ Qe5 59. Qxg6 Kc4 60. Qf7+ Kc3 61. Qf1 Nc5+ 62. bxc5 Qd4+ 0-1

[Event "CAN-ch"]
[Site "Kitchener CAN"]
[Date "2007.08.03"]
[Round "7"]
[White "Stevens, Christian"]
[Black "Predescu, Sebastian"]
[Result "1/2-1/2"]
[WhiteElo "2288"]
[BlackElo "2236"]
[PlyCount "41"]
[GameId "2160767910580082"]
[EventDate "2007.08.01"]
[EventType "swiss"]
[EventRounds "9"]
[EventCountry "CAN"]
[SourceTitle "EXT 2022"]
[Source "ChessBase"]
[SourceDate "2021.10.06"]
[SourceVersion "1"]
[SourceVersionDate "2021.10.06"]
[SourceQuality "1"]

1. d4 Nf6 2. Bg5 d5 3. Bxf6 gxf6 4. c4 dxc4 5. e3 e6 6. Bxc4 b6 7. Nc3 Bb7 8. Nf3 Rg8 9. O-O Bd6 10. e4 Nd7 11. Qe2 Qe7 12. Ba6 O-O-O 13. Rac1 Nb8 14. Bxb7+ Kxb7 15. e5 fxe5 16. dxe5 Bc5 17. Qe4+ c6 18. a3 Qf8 19. b4 Qg7 20. g3 Be7 21. Rfd1 1/2-1/2

[Event "CAN-ch"]
[Site "Kitchener CAN"]
[Date "2007.08.03"]
[Round "7"]
[White "Urquhart, Eddie"]
[Black "Gentes, Kevin"]
[Result "1/2-1/2"]
[WhiteElo "2195"]
[BlackElo "2307"]
[PlyCount "80"]
[GameId "2160767910580084"]
[EventDate "2007.08.01"]
[EventType "swiss"]
[EventRounds "9"]
[EventCountry "CAN"]
[SourceTitle "EXT 2022"]
[Source "ChessBase"]
[SourceDate "2021.10.06"]
[SourceVersion "1"]
[SourceVersionDate "2021.10.06"]
[SourceQuality "1"]

1. e4 c5 2. Nf3 d6 3. d4 cxd4 4. Nxd4 Nf6 5. f3 e6 6. c4 Be7 7. Nc3 O-O 8. Be3 b6 9. Be2 Bb7 10. O-O Nbd7 11. Qd2 a6 12. Rfc1 Rc8 13. Bf1 Ne5 14. Na4 Nfd7 15. Qf2 Nc5 16. Nxc5 dxc5 17. Nb3 Nd3 18. Bxd3 Qxd3 19. Rd1 Qxc4 20. Rd7 Bxe4 21. Rxe7 Bd5 22. Qg3 Kh8 23. Bf4 Rg8 24. Bc7 f6 25. Bxb6 Qb5 26. Ba7 c4 27. Nd4 Qxb2 28. Qe1 c3 29. Ne2 c2 30. Bd4 Qa3 31. Ra7 e5 32. Bf2 Rgd8 33. Qc1 Qd3 34. Nc3 Bxa2 35. Be3 Qxe3+ 36. Qxe3 Rd1+ 37. Kf2 Rxa1 38. Ne2 c1=Q 39. Nxc1 Raxc1 40. Qa3 R1c2+ 1/2-1/2

[Event "CAN-ch"]
[Site "Kitchener CAN"]
[Date "2007.08.05"]
[Round "8"]
[White "Gentes, Kevin"]
[Black "Zubac, Marius"]
[Result "1/2-1/2"]
[WhiteElo "2307"]
[BlackElo "2194"]
[PlyCount "21"]
[GameId "2160767910580088"]
[EventDate "2007.08.01"]
[EventType "swiss"]
[EventRounds "9"]
[EventCountry "CAN"]
[SourceTitle "EXT 2022"]
[Source "ChessBase"]
[SourceDate "2021.10.06"]
[SourceVersion "1"]
[SourceVersionDate "2021.10.06"]
[SourceQuality "1"]

1. c4 f5 2. g3 Nf6 3. Bg2 e5 4. Nc3 Nc6 5. e3 Bb4 6. Nge2 O-O 7. a3 Be7 8. b4 d6 9. Bb2 Be6 10. Nd5 Bf7 11. Nec3 1/2-1/2

[Event "CAN-ch"]
[Site "Kitchener CAN"]
[Date "2007.08.05"]
[Round "8"]
[White "Guo, Joshua"]
[Black "Urquhart, Eddie"]
[Result "1/2-1/2"]
[WhiteElo "2214"]
[BlackElo "2195"]
[PlyCount "107"]
[GameId "2160767910580089"]
[EventDate "2007.08.01"]
[EventType "swiss"]
[EventRounds "9"]
[EventCountry "CAN"]

1. e4 e5 2. Nf3 Nc6 3. Bb5 a6 4. Bxc6 dxc6 5. O-O Qd6 6. d3 Bg4 7. Nbd2 f6 8. Nc4 Qd7 9. Ne3 Be6 10. d4 exd4 11. Nxd4 O-O-O 12. Nxe6 Qxe6 13. Qg4 Qxg4 14. Nxg4 Bd6 15. f3 Ne7 16. Be3 Rhe8 17. Rfe1 Ng6 18. Rad1 Rd7 19. Nf2 Red8 20. Nd3 c5 21. b3 b6 22. g3 Be5 23. Kf2 Bc3 24. Rf1 Ne5 25. Ke2 Nc6 26. a4 Nd4+ 27. Bxd4 Rxd4 28. Nf4 Rd2+ 29. Rxd2 Rxd2+ 30. Ke3 Rxh2 31. Ne2 Be5 32. f4 Bd6 33. c4 h5 34. Kf3 Kd7 35. Rd1 Ke6 36. f5+ Ke7 37. Nf4 Bxf4 38. Kxf4 h4 39. Rd3 Rh3 40. Kg4 Rxg3+ 41. Rxg3 hxg3 42. Kxg3 c6 43. Kf3 Kd6 44. Kf4 a5 45. Kf3 Ke5 46. Ke3 Kd6 47. Kf3 Ke7 48. Kg4 Kf7 49. Kh5 Kf8 50. Kg4 Kg8 51. Kh4 Kf8 52. Kg4 Ke7 53. Kf3 Kf7 54. Kg4 1/2-1/2

[Event "CAN-ch"]
[Site "Kitchener CAN"]
[Date "2007.08.05"]
[Round "8"]
[White "Hamilton, Robert"]
[Black "Bailey, Doug"]
[Result "1-0"]
[WhiteElo "2287"]
[BlackElo "2274"]
[PlyCount "73"]
[GameId "2160767910580090"]
[EventDate "2007.08.01"]
[EventType "swiss"]
[EventRounds "9"]
[EventCountry "CAN"]
[SourceTitle "EXT 2022"]
[Source "ChessBase"]
[SourceDate "2021.10.06"]
[SourceVersion "1"]
[SourceVersionDate "2021.10.06"]
[SourceQuality "1"]

1. c4 Nf6 2. Nc3 d5 3. cxd5 Nxd5 4. g3 Nxc3 5. bxc3 Qd5 6. Nf3 g6 7. Bg2 Bg7 8. Ba3 Nc6 9. O-O Qh5 10. Rb1 O-O 11. Nd4 Bxd4 12. cxd4 Nxd4 13. e3 Ne2+ 14. Kh1 Rd8 15. Bxe7 Re8 16. Bf6 Bf5 17. Rb4 Bg4 18. Qe1 Bf3 19. Qb1 Re6 20. Ba1 g5 21. Qf5 Rh6 22. h4 g4 23. Qxh5 Rxh5 24. Bxf3 gxf3 25. Rxb7 Rd5 26. Rd1 c5 27. Rc7 f5 28. Rb1 Rxd2 29. Rg7+ Kf8 30. Rxh7 Re8 31. Rbb7 Rd1+ 32. Kh2 Re7 33. Rhxe7 Rf1 34. h5 Rxf2+ 35. Kh3 Rg2 36. Bg7+ Kg8 37. Rb8+ 1-0

[Event "CAN-ch"]
[Site "Kitchener CAN"]
[Date "2007.08.05"]
[Round "8"]
[White "Hua, Lefong"]
[Black "Szalay, Karoly"]
[Result "1/2-1/2"]
[WhiteElo "2323"]
[BlackElo "2113"]
[PlyCount "39"]
[GameId "2160767910580092"]
[EventDate "2007.08.01"]
[EventType "swiss"]
[EventRounds "9"]
[EventCountry "CAN"]
[SourceTitle "EXT 2022"]
[Source "ChessBase"]
[SourceDate "2021.10.06"]
[SourceVersion "1"]
[SourceVersionDate "2021.10.06"]
[SourceQuality "1"]

1. d4 d5 2. c4 e6 3. Nc3 c6 4. e3 Nf6 5. Nf3 Nbd7 6. Qc2 Bd6 7. g4 dxc4 8. g5 Nd5 9. Bxc4 e5 10. Ne4 Bb4+ 11. Bd2 Bxd2+ 12. Qxd2 Qe7 13. dxe5 Nxe5 14. Nxe5 Qxe5 15. Bxd5 cxd5 16. Nc3 Qxg5 17. Qxd5 Qxd5 18. Nxd5 O-O 19. Ke2 Be6 20. Rhd1 1/2-1/2

[Event "CAN-ch"]
[Site "Kitchener CAN"]
[Date "2007.08.05"]
[Round "8"]
[White "Kazmaier, Daniel"]
[Black "Inigo, Aquino"]
[Result "1-0"]
[WhiteElo "2174"]
[BlackElo "1852"]
[PlyCount "55"]
[GameId "2160767910580093"]
[EventDate "2007.08.01"]
[EventType "swiss"]
[EventRounds "9"]
[EventCountry "CAN"]
[SourceTitle "EXT 2022"]
[Source "ChessBase"]
[SourceDate "2021.10.06"]
[SourceVersion "1"]
[SourceVersionDate "2021.10.06"]
[SourceQuality "1"]

1. f4 d5 2. Nf3 Nf6 3. g3 c5 4. Bg2 Nc6 5. O-O e6 6. d3 Be7 7. Nc3 O-O 8. e4 d4 9. Ne2 b5 10. a4 bxa4 11. Rxa4 Bd7 12. Ra1 Qb6 13. b3 Rfb8 14. e5 Nd5 15. g4 a5 16. Ng3 Nc3 17. Qd2 a4 18. bxa4 Rxa4 19. Rxa4 Nxa4 20. f5 f6 21. exf6 Bxf6 22. g5 Be7 23. f6 gxf6 24. gxf6 Bxf6 25. Nh5 Rf8 26. Qh6 Qd8 27. Ng5 Bxg5 28. Qg7# 1-0